Vibrations of linear piezostructures / (Record no. 171306)

MARC details
000 -LEADER
fixed length control field 00887nam a22002537a 4500
003 - CONTROL NUMBER IDENTIFIER
control field OSt
005 - DATE AND TIME OF LATEST TRANSACTION
control field 20250616144053.0
008 - FIXED-LENGTH DATA ELEMENTS--GENERAL INFORMATION
fixed length control field 250219b |||||||| |||| 00| 0 eng d
020 ## - INTERNATIONAL STANDARD BOOK NUMBER
International Standard Book Number 9781119393405 (hardcover)
040 ## - CATALOGING SOURCE
Original cataloging agency NUST
Language of cataloging eng
Transcribing agency NUST
Modifying agency NUST
Description conventions rda
050 ## - LIBRARY OF CONGRESS CALL NUMBER
Classification number QC595 KUR
100 ## - MAIN ENTRY--PERSONAL NAME
Personal name Kurdila, Andrew
Relator term Author
245 ## - TITLE STATEMENT
Title Vibrations of linear piezostructures /
Statement of responsibility, etc. Andrew J. Kurdila and Pablo A. Tarazaga.
260 ## - PUBLICATION, DISTRIBUTION, ETC.
Place of publication, distribution, etc. Hoboken, NJ :
Name of publisher, distributor, etc. John Wiley and Sons,
Date of publication, distribution, etc. ©2021.
300 ## - PHYSICAL DESCRIPTION
Extent xxi, 234 pages :
Other physical details Illustrations ;
Dimensions 24 cm.
336 ## - CONTENT TYPE
Source rdacontent
Content type term text
Content type code txt
337 ## - MEDIA TYPE
Source rdamedia
Media type term unmediated
Media type code n
338 ## - CARRIER TYPE
Source rdacarrier
Carrier type term volume
Carrier type code nc
504 ## - BIBLIOGRAPHY, ETC. NOTE
Bibliography, etc. note Includes bibliographical references and index.
650 ## - SUBJECT ADDED ENTRY--TOPICAL TERM
Form subdivision Piezoelectricity.
650 ## - SUBJECT ADDED ENTRY--TOPICAL TERM
Form subdivision Vibration.
700 ## - ADDED ENTRY--PERSONAL NAME
Personal name Tarazaga, Pablo A.
Relator term Author
942 ## - ADDED ENTRY ELEMENTS (KOHA)
Source of classification or shelving scheme Library of Congress Classification
Koha item type Ordinary Loan Books
Edition First edition.
Classification part QC595 KUR
Call number prefix QC
Call number suffix KUR
Suppress in OPAC No
Holdings
Withdrawn status Lost status Source of classification or shelving scheme Damaged status Not for loan Collection Home library Current library Shelving location Date acquired Source of acquisition Cost, normal purchase price Total Checkouts Full call number Barcode Date last seen Accession number Cost, replacement price Price effective from Koha item type Public note
    LCC     NFIC MAIN MAIN GEN 02/19/2025 Book Aid International 116.00   QC595 KUR 92004054258 02/19/2025 62438 116.00 02/19/2025 BOOKS Donation
    LCC     NFIC MAIN MAIN GEN 06/16/2025 Book Aid International 111.00   QC595 KUR 92004054402 06/16/2025 61989 111.00 06/16/2025 BOOKS Donation
    LCC     NFIC MAIN MAIN GEN 06/16/2025 Book Aid International 111.00   QC595 KUR 92004054380 06/16/2025 61990 111.00 06/16/2025 BOOKS Donation